00565nam a2200193 a 4500001001300000003000900013005001700022008004100039020002300080082001800103100002400121245006600145260003600211300000900247500003500256505003600291650002000327700002400347nice12345678IN_TiNIC20260116013713.0050524s1997 newa grp 000 0 eng  a8173044 c50000a294.5513bTHA aThapan, Anita Raina aUnderstanding Ganapatib Insights into the Dynamics of a Cult aNew Delhi bManohar Pub. c1997 a304p aincludes index and biblioraphy2 aConclucion, Bibliography, Index aMythology-Hindu1 aThapan, Anita Raina